Loading...
| Fine Arts - Auditory Fine Arts | 7 | 8.57 | 86% | 0% | 0% |
| Fine Arts - Other Fine Arts | 8 | 17.50 | 100% | 50% | 25% |
| Fine Arts - Visual Fine Arts | 5 | 14.00 | 100% | 40% | 0% |
| Geography | 2 | 20.00 | 100% | 100% | 0% |
| History - American History | 8 | 15.00 | 100% | 38% | 13% |
| History - European History | 5 | 16.00 | 100% | 40% | 20% |
| History - Other History | 2 | 15.00 | 100% | 0% | 50% |
| History - World History | 4 | 20.00 | 100% | 75% | 25% |
| Literature - American Literature | 4 | 17.50 | 100% | 75% | 0% |
| Literature - British Literature | 6 | 18.33 | 100% | 83% | 0% |
| Literature - European Literature | 5 | 20.00 | 100% | 80% | 20% |
| Literature - World Literature | 7 | 18.57 | 100% | 71% | 14% |
| Mythology | 6 | 20.00 | 100% | 83% | 17% |
| Philosophy | 7 | 15.71 | 100% | 43% | 14% |
| Pop Culture | 2 | 20.00 | 100% | 100% | 0% |
| Religion | 4 | 10.00 | 100% | 0% | 0% |
| Science - Biology | 7 | 10.00 | 86% | 14% | 0% |
| Science - Chemistry | 6 | 11.67 | 100% | 17% | 0% |
| Science - Other Science | 5 | 24.00 | 100% | 100% | 40% |
| Science - Physics | 6 | 10.00 | 83% | 17% | 0% |
| Social Science | 7 | 15.71 | 100% | 43% | 14% |